000 01086nam a2200253 a 4500
001 000033189
005 20200930070103.0
008 090928t1978 dr acd 000 f spa d
040 _aDO-SdBNP
_bspa
_cBNPHU
082 _aRD863.4409
_bC957s
100 1 _aCruz, Josefina de la
_922955
245 1 3 _aLa sociedad dominicana de finales de siglo a través de la novela /
_cJosefina de la Cruz ; prólogo José María Jover.
260 _aSanto Domingo :
_bCosmos,
_c1978.
300 _axiv, 297 p. :
_bil., retrs. ;
_c21 cm.
500 _aIncluye referencias bibliográficas y notas al pie de páginas.
504 _aBibliografía : p. 289-295.
650 4 _aNovela dominicana
_xHistoria y crítica
_ySIGLO XIX
_923800
650 4 _aLiteratura dominicana
_xHistoria y crítica
_ySIGLO XIX
_923801
650 4 _aAutores dominicanos
_xHistoria y crítica
_ySIGLO XIX
_923802
650 4 _aLiteratura y sociedad
_98111
651 4 _aRepública Dominicana
_xCondiciones Sociales
_ySIGLO XIX
_97415
700 1 _aJover, José María,
_epról.
_923803
910 _aValidado. Control de calidad MMOLINA
999 _c32680
_d32680